Second language learning in a foreign language environment : (Record no. 145940)
[ view plain ]
| 000 -LEADER | |
|---|---|
| fixed length control field | 00771nam a22001937a 4500 |
| 005 - DATE AND TIME OF LATEST TRANSACTION | |
| control field | 20180104161420.0 |
| 010 ## - LCCN (DPL NO) | |
| LC control number | 1718EN-30 |
| 020 ## - INTERNATIONAL STANDARD BOOK NUMBER | |
| Terms of availability | 500.00 |
| International Standard Book Number | 9788192047591 |
| 035 ## - SYSTEM CONTROL NUMBER | |
| System control number | B-682838-839 |
| 037 ## - SOURCE OF ACQUISITION | |
| Source of stock number/acquisition | Aakar Books |
| Stock number | dpl |
| 082 ## - DEWEY DECIMAL CLASSIFICATION NUMBER | |
| Classification number | 488 |
| 100 ## - MAIN ENTRY--PERSONAL NAME | |
| Personal name | Tickoo, Asha |
| 245 ## - TITLE STATEMENT | |
| Title | Second language learning in a foreign language environment : |
| Statement of responsibility, etc | by Asha Tickoo |
| Remainder of title | a pragma-discoursal accoun / |
| 260 ## - PUBLICATION, DISTRIBUTION, ETC. (IMPRINT) | |
| Place of publication, distribution, etc | Banglore |
| Name of publisher, distributor, etc | Terra Firma |
| Date of publication, distribution, etc | 2016 |
| 270 ## - ADDRESS | |
| Address | 201 Manasa, 4313th Cross Road, Malleshwaram, |
| City | Banglore |
| Postal code | 560003 |
| 300 ## - PHYSICAL DESCRIPTION | |
| Extent | 255p. |
| Dimensions | 21cm(pbk) |
| 942 ## - ADDED ENTRY ELEMENTS (KOHA) | |
| Source of classification or shelving scheme | Dewey Decimal Classification |
| Item type | English Books |
| Call number suffix | TIC |
| Classification part | 488 |
| Withdrawn status | Lost status | Not for loan | Collection code | Home library | Current library | Date acquired | Source of acquisition | Cost, normal purchase price | Full call number | Barcode | Copy number | Cost, replacement price | Koha item type |
|---|---|---|---|---|---|---|---|---|---|---|---|---|---|
| Non-fiction | Ashok Vihar | Ashok Vihar | 04/01/2018 | Aakar/I-2013/30.11.2017/BPPD/EN/2017-18/20.11.17/14.12.2017 | 500.00 | 488 TIC | B-682839 | 1 | 500.00 | English Books | |||
| Non-fiction | Central Library | Central Library | 04/01/2018 | Aakar/I-2013/30.11.2017/BPPD/EN/2017-18/20.11.17/14.12.2017 | 500.00 | 488 TIC | B-682838 | 1 | 500.00 | English Books |
